=LDR 00000nam 2200000 4500 =001 INLIS000000000010998 =005 20130612102615 =008 ***********************************Ind** =035 ##$$0010-061300000010998 =041 ##$$a Ind =082 ##$$a w664.76 =090 ##$$a 664.76, Rek-p =100 ##$$a Reksohadirprojo, Sudomo =245 ##$$a Produksi Biji rumput dan legum makanan ternak trofik, Soedomo Relesohadiprodjo =260 ##$$a 1985 $b Yogyakarta =300 ##$$a viii, 139 hlm., ilus, 21 cm =650 ##$$a Makanan Ternak =850 ##$$a NBPNMAT